|
|
|
|
| LEADER |
01690nam a2200421Ia 4500 |
| 001 |
EBC410865 |
| 003 |
MiAaPQ |
| 005 |
20200520144314.0 |
| 006 |
m o d | |
| 007 |
cr cn||||||||| |
| 008 |
931026s1993 ilua sb 001 0 eng d |
| 010 |
|
|
|z 93010513
|
| 020 |
|
|
|z 0226092836 (alk. paper)
|
| 020 |
|
|
|z 9780226092836
|
| 035 |
|
|
|a (MiAaPQ)EBC410865
|
| 035 |
|
|
|a (Au-PeEL)EBL410865
|
| 035 |
|
|
|a (CaPaEBR)ebr10275458
|
| 035 |
|
|
|a (CaONFJC)MIL200478
|
| 035 |
|
|
|a (OCoLC)476233575
|
| 040 |
|
|
|a MiAaPQ
|c MiAaPQ
|d MiAaPQ
|
| 050 |
|
4 |
|a HD5728
|b .S54 1993
|
| 082 |
0 |
4 |
|a 362.5/82/0971
|2 20
|
| 245 |
0 |
0 |
|a Small differences that matter
|h [electronic resource] :
|b labor markets and income maintenance in Canada and the United States /
|c edited by David Card and Richard B. Freeman.
|
| 260 |
|
|
|a Chicago :
|b University of Chicago Press,
|c c1993.
|
| 300 |
|
|
|a ix, 277 p. :
|b ill.
|
| 490 |
1 |
|
|a NBER Comparative labor markets series
|
| 504 |
|
|
|a Includes bibliographical references and index.
|
| 533 |
|
|
|a Electronic reproduction. Ann Arbor, MI : ProQuest, 2015. Available via World Wide Web. Access may be limited to ProQuest affiliated libraries.
|
| 650 |
|
0 |
|a Income maintenance programs
|z Canada.
|
| 650 |
|
0 |
|a Income maintenance programs
|z United States.
|
| 650 |
|
0 |
|a Labor market
|z Canada.
|
| 650 |
|
0 |
|a Labor market
|z United States.
|
| 655 |
|
4 |
|a Electronic books.
|
| 700 |
1 |
|
|a Card, David E.
|q (David Edward),
|d 1956-
|
| 700 |
1 |
|
|a Freeman, Richard B.
|q (Richard Barry),
|d 1943-
|
| 710 |
2 |
|
|a ProQuest (Firm)
|
| 830 |
|
0 |
|a NBER Comparative labor markets series.
|
| 856 |
4 |
0 |
|u https://ebookcentral.proquest.com/lib/matrademy/detail.action?docID=410865
|z Click to View
|